| 000 | 00400nam a2200169Ia 4500 | ||
|---|---|---|---|
| 100 | _aNair/Somanathan/ B/ Deepa | ||
| 650 | _aElectromagnetics | ||
| 942 | _cBK | ||
| 366 | _f17.5 | ||
| 654 | _aelectromagnetic | ||
| 245 | _aApplied electromagnetic theory:Analysis | ||
| 260 |
_bprentice hall _aNew Delhi _c2008 |
||
| 082 |
_a530.14/NAI _bNAI |
||
| 300 | _a370 | ||
| 546 | _aENGLISH | ||
| 999 |
_c22811 _d22811 |
||